Improving adjudication (Record no. 67115)
[ view plain ]
| 000 -LEADER | |
|---|---|
| fixed length control field | 01522cam a2200229 4500 |
| 001 - CONTROL NUMBER | |
| control field | WB3720-13 |
| 008 - FIXED-LENGTH DATA ELEMENTS--GENERAL INFORMATION | |
| fixed length control field | 000000n2001 000 0 eng u |
| 035 ## - SYSTEM CONTROL NUMBER | |
| System control number | (Sirsi) u112725 |
| 245 ## - TITLE STATEMENT | |
| Title | Improving adjudication |
| 260 ## - PUBLICATION, DISTRIBUTION, ETC. | |
| Date of publication, distribution, etc. | 2001 |
| 490 ## - SERIES STATEMENT | |
| Series statement | Construction Monitor |
| Volume/sequential designation | May 2001, 1(1) |
| 520 ## - SUMMARY, ETC. | |
| Summary, etc. | The DETR has issued a consultation paper, "Improving adjudication in the construction industry", following the announcement of proposals to make adjudication fairer, more effective and easier to understand. The proposals include better guidance and training for adjudicators, better guidance to lay parties, amending the scheme to remove difficulties that cannot be dealt with by improved guidance and amending the act to outlaw clauses in contracts that require the party referring a dispute to adjudication to bear both parties' legal costs. Copies of the consultation paper are available at http://www.construction.detr.gov.uk/bregs/contract.htm and http://www.ciboard.org.uk. |
| 590 ## - LOCAL NOTE (RLIN) | |
| Local note | WB |
| 650 ## - SUBJECT ADDED ENTRY--TOPICAL TERM | |
| Topical term or geographic name entry element | MANAGEMENT-DISPUTE AVOIDANCE, MANAGEMENT AND RESOLUTION-DISPUTE MANAGEMENT AND RESOLUTION-ALTERNATIVE DISPUTE RESOLUTION-ADJUDICATION |
| 650 ## - SUBJECT ADDED ENTRY--TOPICAL TERM | |
| Topical term or geographic name entry element | BUILT ENVIRONMENT-BUILDING CONTRACT FORMS |
| 650 ## - SUBJECT ADDED ENTRY--TOPICAL TERM | |
| Topical term or geographic name entry element | BUILT ENVIRONMENT-BUILDING CONTRACT FORMS |
| 650 ## - SUBJECT ADDED ENTRY--TOPICAL TERM | |
| Topical term or geographic name entry element | HOUSING GRANTS CONSTRUCTION AND REGENERATION ACT 1996 |
| 650 ## - SUBJECT ADDED ENTRY--TOPICAL TERM | |
| Topical term or geographic name entry element | SCHEME FOR CONSTRUCTION CONTRACTS |
| 650 ## - SUBJECT ADDED ENTRY--TOPICAL TERM | |
| Topical term or geographic name entry element | SCHEME FOR CONSTRUCTION CONTRACTS (ENGLAND AND WALES) REGULATIONS 1998 |
| 690 ## - LOCAL SUBJECT ADDED ENTRY--TOPICAL TERM (OCLC, RLIN) | |
| Topical term or geographic name as entry element | Dispute resolution |
| 9 (RLIN) | 6236 |
| 942 ## - ADDED ENTRY ELEMENTS (KOHA) | |
| Suppress in OPAC | 0 |
| Withdrawn status | Lost status | Source of classification or shelving scheme | Damaged status | Not for loan | Home library | Current library | Shelving location | Date acquired | Total Checkouts | Full call number | Barcode | Date last seen | Copy number | Price effective from | Koha item type |
|---|---|---|---|---|---|---|---|---|---|---|---|---|---|---|---|
| Dewey Decimal Classification | London | London | News article | 23/05/2001 | WB3720-13 | 112725-1001 | 06/08/2019 | 1 | 06/08/2019 | News article |